| 000 | 00629nam a22001457a 4500 | ||
|---|---|---|---|
| 020 | _a9780099513971 | ||
| 082 |
_a823 _bWOD/A |
||
| 100 | _aWODEHOUSE | ||
| 245 | _aAUNTS AREN'T GENTLEMEN | ||
| 260 |
_aLONDON _bARROW BOOKS _c2008 |
||
| 300 | _a184 | ||
| 520 | _aIn Aunt's Aren't Gentlemen, poor Bertie is driven to the countryside after seeing a doctor for his spots. The doctor orders some fresh air and clean living, but as usual, Bertie fails to follow the doctor's orders as he runs into an ex-flame, steals a cat, and has his life threatened by current lover of the ex-flame. | ||
| 650 |
_aNOVEL _zUNITED KINGDOM |
||
| 942 | _cBK | ||
| 999 |
_c5007 _d5007 |
||